000
00343nam a2200133 a 4500
005
20140414093837.0
008
030922s19uu xx 00 eng d
050
_a
VCD 220.9
_b
Pha 1996
245
_a
Pharaohs and kings :
_b
a biblical quest III.
650
_a
Bible
_x
Antiquities.
650
_a
Archeology.
942
_c
AVM
999
_c
109102
_d
109102